| 000 | 01137nam a22003257a 4500 | ||
|---|---|---|---|
| 001 | 0009425 | ||
| 003 | KOHA_MİRAKIL | ||
| 005 | 20260207001708.0 | ||
| 007 | ta | ||
| 008 | 091020b1976 tu |||gr||||#||||0|tur | | ||
| 020 | _c0,01 | ||
| 040 |
_aTR-BiSEU _btur _cTR-BiSEU _erda |
||
| 041 | 0 | _atur | |
| 044 | _ctu | ||
| 050 |
_aT60.3 _b.K37 1976 |
||
| 100 | 1 | _aKara, İmdat. | |
| 245 | 1 |
_aServis sistemleri ve gelişler zamana bağlı olduğunda kapasite sorununa matematiksel yaklaşım : _b(boğaziçi köprüsü uygulama denemesi)/ _cİmdat Kara ; İmdat Kara. |
|
| 264 | 1 |
_aEskişehir : _bEskişehir İktisadi ve Ticari İlimler Akademisi _c1976 |
|
| 300 | _aXVII, 117 sayfa: tablo; 24 cm. | ||
| 336 |
_ametin _btxt _2rdacontent |
||
| 337 |
_aaracısız _bn _2rdamedia |
||
| 338 |
_acilt _bnc _2rdacarrier |
||
| 490 | 1 |
_aEskişehir İktisadi ve Ticari İlimler Akademisi Yayınları ; _vNo. |
|
| 490 | 1 | _a160/102 | |
| 500 | _aKaynakça var. | ||
| 650 | 0 |
_aKapasite sorunu. _923351 |
|
| 830 | 1 |
_aEskişehir İktisadi ve Ticari İlimler Akademisi Yayınları ; _vNo. _912662 |
|
| 830 | 1 |
_a160/102 _923352 |
|
| 942 |
_2lcc _cBK |
||
| 999 |
_c9397 _d9397 |
||